000 00322nam a2200121Ia 4500
008 231129s1987||||xx |||||||||||||| ||spa||
082 _aER- 041
100 _aíngel Jaramillo Hugo
245 0 _aLos falsos apóstoles de América
260 _c1987
264 _aPereira: Gráficas Olí­mpica 1987
942 _2ddc
_cBKS
999 _c19671
_d19671